Normal view
MARC view
- Chemical engineering
Entry Topical Term
001 - CONTROL NUMBER
- control field: 107153
003 - CONTROL NUMBER IDENTIFIER
- control field: NUST
005 - DATE AND TIME OF LATEST TRANSACTION
- control field: 20230119155005.0
008 - FIXED-LENGTH DATA ELEMENTS
- fixed length control field: 230119|| aca||aabn | a|a d
040 ## - CATALOGING SOURCE
- Original cataloging agency: NUST
- Transcribing agency: NUST
150 ## - HEADING--TOPICAL TERM
- Topical term or geographic name entry element: Chemical engineering
- General subdivision: Mathematical models
670 ## - SOURCE DATA FOUND
- Source citation: Work cat.: (NUST)185009: Davis, Mark E. 107152, Numerical methods and modeling for chemical engineers /, c1984.
